[Event "XV Torneo Internacional de Ajedrez CIUD"]
[Site "Albacete -ESPAÑA"]
[Date "2007.09.03"]
[Round "2.14"]
[White "Minzer, C."]
[Black "Garcia Gata, J."]
[Result "1-0"]
[WhiteElo "2410"]
[BlackElo "2110"]
[PlyCount "53"]
[EventDate "2007.09.02"]

1. Nf3 c5 2. c4 Nc6 3. Nc3 g6 4. e3 Bg7 5. d4 d6 6. d5 Ne5 7. Nxe5 Bxe5 8. Bd3
h5 9. O-O Nh6 10. Qe1 h4 11. f4 Bf6 12. e4 Ng4 13. h3 Bd4+ 14. Kh1 Nf6 15. Ne2
Nh5 16. Qxh4 Bf6 17. Qf2 Ng7 18. Qf3 Bd7 19. e5 Bh4 20. e6 fxe6 21. Bxg6+ Kf8
22. Bd2 exd5 23. cxd5 Qc8 24. f5 Bf6 25. Bc3 Be8 26. Nf4 Bf7 27. Rae1 1-0

[Event "XV Torneo Internacional de Ajedrez CIUD"]
[Site "Albacete -ESPAÑA"]
[Date "2007.09.03"]
[Round "2.16"]
[White "Vitor, A."]
[Black "Alcaraz Ortega, J."]
[Result "1/2-1/2"]
[WhiteElo "2373"]
[BlackElo "2103"]
[PlyCount "130"]
[EventDate "2007.09.02"]

1. b3 d5 2. Bb2 Bf5 3. d3 Nd7 4. Nf3 Ngf6 5. Nbd2 e6 6. h3 h6 7. a3 Bd6 8. e3
O-O 9. Be2 Qe7 10. Nd4 Bh7 11. Nb5 c6 12. Nxd6 Qxd6 13. O-O e5 14. b4 a5 15.
Bc3 axb4 16. axb4 b6 17. Qb1 c5 18. bxc5 bxc5 19. Qb7 Rab8 20. Qa7 Rfc8 21. Ra6
Qc7 22. Qxc7 Rxc7 23. f4 d4 24. Ba5 Rcc8 25. Nc4 exf4 26. e4 Ra8 27. Rxa8 Rxa8
28. Bc7 g5 29. Bd6 Ra2 30. Bd1 Nxe4 31. dxe4 Bxe4 32. Rf2 Ra1 33. Rf1 Rc1 34.
Na3 d3 35. cxd3 Bxd3 36. Be2 Rxf1+ 37. Kxf1 Bxe2+ 38. Kxe2 f6 39. Nb5 Kf7 40.
Nc7 Kg6 41. Ne6 c4 42. Nd4 Nb6 43. Bb4 Nd5 44. Bd2 f5 45. Nb5 g4 46. Nc3 gxh3
47. gxh3 Ne7 48. Bxf4 Kh5 49. Kf3 Ng6 50. Bg3 f4 51. Bf2 Kg5 52. Ne4+ Kh5 53.
Bd4 Kh4 54. Nf2 Kg5 55. Bc3 Kf5 56. Bd4 Nh4+ 57. Ke2 Ng6 58. Bc3 Kg5 59. Bg7 h5
60. Bc3 Kf5 61. Bb2 Kg5 62. Kf3 Nh4+ 63. Ke4 Ng2 64. Kf3 Ne1+ 65. Ke2 Nd3
1/2-1/2

[Event "XV Torneo Internacional de Ajedrez CIUD"]
[Site "Albacete -ESPAÑA"]
[Date "2007.09.03"]
[Round "2.17"]
[White "Morais, V."]
[Black "Guerra Bastida, D."]
[Result "1-0"]
[WhiteElo "2101"]
[BlackElo "2370"]
[PlyCount "107"]
[EventDate "2007.09.02"]

1. e4 d6 2. d4 Nf6 3. Bd3 e5 4. c3 g6 5. Nf3 Nbd7 6. O-O Bg7 7. h3 O-O 8. Bg5
h6 9. Bh4 Qe8 10. Nbd2 Nh5 11. Bg3 Nxg3 12. fxg3 exd4 13. cxd4 c5 14. Nc4 cxd4
15. Nxd6 Qe7 16. Nxc8 Raxc8 17. g4 Ne5 18. Nxe5 Bxe5 19. Rc1 Kg7 20. Qe2 Rxc1
21. Rxc1 Qg5 22. Rc2 Qf4 23. Qf3 Qh2+ 24. Kf2 Bf6 25. Ke2 Bh4 26. Kd1 Qg1+ 27.
Qf1 Qe3 28. Qe2 Qg3 29. Rc4 Rd8 30. Kc2 Rd6 31. Kb1 Rf6 32. Rc2 Qh2 33. Qd1 Qe5
34. a3 a5 35. Re2 b5 36. a4 bxa4 37. Qxa4 Rf1+ 38. Ka2 Rc1 39. Rc2 Re1 40. Rc4
Re3 41. Qc2 Bf6 42. Rc7 Bd8 43. Rc5 Qg3 44. Rd5 Rxd3 45. Rxd8 Qe3 46. Qc5 Kf6
47. Rd6+ Kg7 48. Qe5+ Kh7 49. Rd8 Ra3+ 50. bxa3 Qe2+ 51. Kb3 Qd1+ 52. Kc4 Qa4+
53. Kc5 Qxa3+ 54. Kb6 1-0

[Event "XV Torneo Internacional de Ajedrez CIUD"]
[Site "Albacete -ESPAÑA"]
[Date "2007.09.03"]
[Round "2.18"]
[White "Bolado Saez, S."]
[Black "Dura Olmos, G."]
[Result "1-0"]
[WhiteElo "2366"]
[BlackElo "2086"]
[PlyCount "65"]
[EventDate "2007.09.02"]

1. d4 Nf6 2. Nf3 g6 3. c4 Bg7 4. g3 O-O 5. Bg2 d6 6. O-O Nc6 7. Nc3 a6 8. h3
Rb8 9. a4 a5 10. Qb3 Nd7 11. Rd1 e5 12. e3 Nb4 13. Na2 Na6 14. Bd2 c6 15. Bc3
e4 16. Nd2 f5 17. c5+ d5 18. Qc2 b6 19. Nb3 bxc5 20. Bxa5 Qf6 21. Bc3 c4 22.
Nbc1 Qd6 23. b3 cxb3 24. Nxb3 Nc7 25. Rab1 Ba6 26. Bb4 Rxb4 27. Nxb4 Qxb4 28.
Nc5 Bd3 29. Nxd3 exd3 30. Qxc6 Qa5 31. Qxd7 Rf7 32. Qc6 d2 33. Qc2 1-0

[Event "XV Torneo Internacional de Ajedrez CIUD"]
[Site "Albacete -ESPAÑA"]
[Date "2007.09.03"]
[Round "2.19"]
[White "Pardo Simon, D."]
[Black "Granero Roca, A."]
[Result "1/2-1/2"]
[WhiteElo "2080"]
[BlackElo "2348"]
[PlyCount "49"]
[EventDate "2007.09.02"]

1. e4 c6 2. d4 d5 3. Nc3 dxe4 4. Nxe4 Bf5 5. Ng3 Bg6 6. h4 h6 7. Nf3 Nf6 8. h5
Bh7 9. Bd3 Bxd3 10. Qxd3 e6 11. Bd2 c5 12. Ne4 Nc6 13. Bc3 Be7 14. O-O-O cxd4
15. Nxd4 Nxd4 16. Bxd4 Qc7 17. Nxf6+ gxf6 18. Qb5+ Qc6 19. Qxc6+ bxc6 20. g4 a6
21. f3 O-O-O 22. c4 Rhe8 23. Be3 Bf8 24. Rxd8+ Kxd8 25. Rd1+ 1/2-1/2

[Event "XV Torneo Internacional de Ajedrez CIUD"]
[Site "Albacete -ESPAÑA"]
[Date "2007.09.03"]
[Round "2.20"]
[White "Valmana Canto, J."]
[Black "Machado Hernandez, J."]
[Result "1-0"]
[WhiteElo "2346"]
[BlackElo "2022"]
[PlyCount "45"]
[EventDate "2007.09.02"]

1. e4 c5 2. Nc3 a6 3. Nge2 d6 4. d4 cxd4 5. Nxd4 Nf6 6. Be3 e5 7. Nf3 Be6 8.
Ng5 Qc7 9. Nxe6 fxe6 10. Qf3 b5 11. Qh3 Qf7 12. Bd3 Nbd7 13. O-O Be7 14. f4 O-O
15. a4 b4 16. Bc4 d5 17. exd5 exd5 18. Nxd5 Nxd5 19. fxe5 N7f6 20. exf6 Bxf6
21. Rad1 Rad8 22. Qf3 Qd7 23. Rxd5 1-0

[Event "XV Torneo Internacional de Ajedrez CIUD"]
[Site "Albacete -ESPAÑA"]
[Date "2007.09.03"]
[Round "3.1"]
[White "Khamrakulov, I."]
[Black "Minzer, C."]
[Result "1/2-1/2"]
[WhiteElo "2592"]
[BlackElo "2410"]
[PlyCount "28"]
[EventDate "2007.09.02"]

1. e4 c5 2. Nf3 Nc6 3. c3 d5 4. exd5 Qxd5 5. d4 cxd4 6. cxd4 e5 7. Nc3 Bb4 8.
Be2 Nxd4 9. O-O Bxc3 10. bxc3 Nxf3+ 11. Bxf3 Qxd1 12. Rxd1 Nf6 13. Re1 e4 14.
Bxe4 Nxe4 1/2-1/2

[Event "XV Torneo Internacional de Ajedrez CIUD"]
[Site "Albacete -ESPAÑA"]
[Date "2007.09.03"]
[Round "3.2"]
[White "Perez Mitjans, O."]
[Black "Burmakin, V."]
[Result "0-1"]
[WhiteElo "2412"]
[BlackElo "2581"]
[PlyCount "68"]
[EventDate "2007.09.02"]

1. e4 c6 2. d4 d5 3. e5 Bf5 4. Be3 e6 5. Nd2 Nd7 6. f4 h5 7. Ngf3 Nh6 8. h3 h4
9. Be2 Bg6 10. O-O Nf5 11. Bf2 Be7 12. c3 Rc8 13. b4 a5 14. a3 O-O 15. Nb3 b6
16. Ba6 Rc7 17. Bd3 axb4 18. axb4 c5 19. bxc5 bxc5 20. Bb5 cxd4 21. cxd4 Qb8
22. Bxd7 Rxd7 23. Nc5 Ra7 24. Qd2 Qa8 25. Qc3 Rc8 26. Kh2 Rcc7 27. Rfc1 Ra2 28.
Rxa2 Qxa2 29. Qe1 Ra7 30. Rc3 Ra3 31. Rxa3 Qxa3 32. Qb1 Qa8 33. Qe1 Qa2 34. Qd1
Qa3 {....} 0-1

[Event "XV Torneo Internacional de Ajedrez CIUD"]
[Site "Albacete -ESPAÑA"]
[Date "2007.09.03"]
[Round "3.3"]
[White "Hernandez Carmenates, H."]
[Black "Bolado Saez, S."]
[Result "1-0"]
[WhiteElo "2544"]
[BlackElo "2366"]
[PlyCount "57"]
[EventDate "2007.09.02"]

1. c4 Nf6 2. Nf3 d6 3. d4 Nbd7 4. Nc3 e5 5. e4 Be7 6. Be2 O-O 7. O-O c6 8. Re1
Qe8 9. Bf1 Bd8 10. Rb1 a5 11. d5 Qe7 12. Na4 Rb8 13. dxc6 bxc6 14. c5 dxc5 15.
Qc2 Ne8 16. Be3 Bb6 17. Red1 Ba7 18. Rbc1 Nc7 19. Nxc5 Nf6 20. Nd7 Nxd7 21.
Bxa7 Ra8 22. Bc5 Nxc5 23. Qxc5 Qxc5 24. Rxc5 Ne6 25. Rxc6 Bb7 26. Rc4 Rfc8 27.
Nxe5 Rxc4 28. Bxc4 Bxe4 29. Re1 1-0

[Event "XV Torneo Internacional de Ajedrez CIUD"]
[Site "Albacete -ESPAÑA"]
[Date "2007.09.03"]
[Round "3.4"]
[White "Vassallo, M."]
[Black "Movsziszian, K."]
[Result "0-1"]
[WhiteElo "2387"]
[BlackElo "2534"]
[PlyCount "48"]
[EventDate "2007.09.02"]

1. e4 c5 2. Nf3 d6 3. d4 cxd4 4. Nxd4 Nf6 5. Nc3 a6 6. g3 e5 7. Nb3 Nbd7 8. Bg2
Be7 9. O-O h6 10. Re1 O-O 11. Nd2 b5 12. Nf1 Nb6 13. Ne3 Be6 14. a4 b4 15. Ncd5
a5 16. Bd2 Nfxd5 17. exd5 Bd7 18. c3 bxc3 19. Bxc3 f5 20. b3 f4 21. Nf1 Qe8 22.
Nd2 Qf7 23. Ne4 f3 24. Bf1 Nxd5 0-1

[Event "XV Torneo Internacional de Ajedrez CIUD"]
[Site "Albacete -ESPAÑA"]
[Date "2007.09.03"]
[Round "3.5"]
[White "Valmana Canto, J."]
[Black "Rivas Pastor, M."]
[Result "1-0"]
[WhiteElo "2346"]
[BlackElo "2510"]
[PlyCount "47"]
[EventDate "2007.09.02"]

1. e4 e6 2. d4 d5 3. Nc3 Bb4 4. e5 Ne7 5. a3 Bxc3+ 6. bxc3 b6 7. Qg4 Ng6 8. h4
h5 9. Qd1 Ba6 10. Bxa6 Nxa6 11. Bg5 Qc8 12. Ne2 c5 13. O-O cxd4 14. cxd4 Nf8
15. Ng3 g6 16. a4 Qc4 17. Qf3 Nd7 18. Qa3 Qb4 19. Qd3 Nc7 20. Rab1 Qf8 21. Qc3
Rc8 22. Qc6 f6 23. Bxf6 Rh7 24. c4 1-0

[Event "XV Torneo Internacional de Ajedrez CIUD"]
[Site "Albacete -ESPAÑA"]
[Date "2007.09.03"]
[Round "3.6"]
[White "Lazarev, V."]
[Black "Garcia Romero, B."]
[Result "1-0"]
[WhiteElo "2498"]
[BlackElo "2258"]
[PlyCount "89"]
[EventDate "2007.09.02"]

1. d4 Nf6 2. c4 e6 3. Nc3 d5 4. cxd5 exd5 5. Bg5 c6 6. Qc2 Nbd7 7. e3 Bd6 8.
Bd3 h6 9. Bh4 O-O 10. Nge2 Re8 11. Bg3 Nf8 12. O-O Qe7 13. Rae1 Bg4 14. Bxd6
Qxd6 15. Ng3 Bd7 16. f3 Rad8 17. Kh1 Ne6 18. Nf5 Qf8 19. a3 a6 20. b4 Nc7 21.
Ng3 Bc8 22. Na4 Nb5 23. Qc1 Qd6 24. Nc5 Re7 25. a4 Nc7 26. Qc3 Nce8 27. Nb3 Nc7
28. Bc2 Ree8 29. e4 Qf4 30. e5 Nh7 31. Qd3 Nf8 32. Qc3 Nce6 33. Nf5 Kh8 34. g3
Qg5 35. f4 Qh5 36. Nd6 Re7 37. f5 Ng5 38. Bd1 Qh3 39. Nxc8 Rxc8 40. Rf4 Ne4 41.
Qe3 h5 42. Rh4 Qxf5 43. Rxh5+ Qxh5 44. Bxh5 g6 45. Bf3 1-0

[Event "XV Torneo Internacional de Ajedrez CIUD"]
[Site "Albacete -ESPAÑA"]
[Date "2007.09.03"]
[Round "3.7"]
[White "Martinez Rodriguez, P."]
[Black "Babaev, R."]
[Result "0-1"]
[WhiteElo "2304"]
[BlackElo "2488"]
[PlyCount "59"]
[EventDate "2007.09.02"]

1. d4 Nf6 2. c4 g6 3. Nc3 Bg7 4. e4 d6 5. Nf3 O-O 6. Be2 e5 7. d5 a5 8. Bg5 h6
9. Bh4 Na6 10. Nd2 Bd7 11. O-O Qe8 12. a3 Nh7 13. Kh1 h5 14. f3 Bh6 15. Qc2 Be3
16. Rad1 Qb8 17. Ndb1 Bc5 18. Qd2 Qa7 19. Nb5 Bxb5 20. cxb5 Nb8 21. Qc3 a4 22.
f4 exf4 23. Rxf4 Nd7 24. Bxh5 gxh5 25. Rf5 Ne5 26. Rxh5 Be3 27. Qxc7 Qc5 28.
Qxc5 Bxc5 29. Nd2 Rfe8 30. Bg3 0-1

[Event "XV Torneo Internacional de Ajedrez CIUD"]
[Site "Albacete -ESPAÑA"]
[Date "2007.09.03"]
[Round "3.8"]
[White "Castellanos Rodriguez, R."]
[Black "Quidiello, R."]
[Result "1-0"]
[WhiteElo "2471"]
[BlackElo "2207"]
[PlyCount "47"]
[EventDate "2007.09.02"]

1. e4 e5 2. Nf3 Nf6 3. Nxe5 d6 4. Nf3 Nxe4 5. d4 d5 6. Bd3 Nc6 7. O-O Be7 8.
Nc3 Nxc3 9. bxc3 Bg4 10. Rb1 Rb8 11. Re1 O-O 12. Bf4 h6 13. h3 Bh5 14. g4 Bg6
15. Bxg6 fxg6 16. Bg3 g5 17. Qd3 Bd6 18. Ne5 Bxe5 19. dxe5 Ne7 20. c4 b6 21.
Rbd1 c6 22. cxd5 cxd5 23. e6 Rb7 24. c4 1-0

[Event "XV Torneo Internacional de Ajedrez CIUD"]
[Site "Albacete -ESPAÑA"]
[Date "2007.09.03"]
[Round "3.9"]
[White "Jimenez Martinez, J."]
[Black "Guliev, L."]
[Result "0-1"]
[WhiteElo "2207"]
[BlackElo "2454"]
[PlyCount "160"]
[EventDate "2007.09.02"]

1. d4 Nf6 2. c4 e6 3. Nc3 Bb4 4. Qc2 O-O 5. e4 d6 6. Bd3 e5 7. d5 Nbd7 8. Nge2
Nc5 9. O-O Bxc3 10. Nxc3 a5 11. Bg5 h6 12. Be3 Nxd3 13. Qxd3 Nh5 14. f4 exf4
15. Bxf4 Qe7 16. Rae1 Nxf4 17. Rxf4 f5 18. Qg3 g5 19. exf5 Qxe1+ 20. Qxe1 gxf4
21. f6 Bf5 22. Qh4 Kh7 23. Nb5 Rae8 24. Nd4 Kg6 25. Nxf5 Kxf5 26. Qxh6 Rf7 27.
Kf2 c6 28. h4 Rg8 29. b3 c5 30. Kf3 Rg3+ 31. Kf2 Rg6 32. Qh8 Kg4 33. h5 Rgxf6
34. h6 Kh5 35. h7 Rh6 36. Qc8 Rhxh7 37. Qe6 b6 38. Qxd6 Rh6 39. Qe5+ Kg4 40.
Qe2+ Kh4 41. Qe8 Rff6 42. Qe5 Kg4 43. Qe2+ Kf5 44. Qe8 Rhg6 45. Qh8 Ke5 46.
Qh5+ Kd4 47. Qd1+ Ke4 48. Qf3+ Kf5 49. Qh5+ Rg5 50. Qh3+ Kg6 51. Qh8 Kf7 52.
Qh7+ Kf8 53. Qh8+ Ke7 54. Qh7+ Kd6 55. Qb7 Rfg6 56. Qxb6+ Ke5 57. Qxc5 Rxg2+
58. Kf1 Ke4 59. d6 Rd2 60. Qc6+ Ke3 61. Qc5+ Ke4 62. Qc6+ Ke3 63. Qc5+ Kf3 64.
Qc6+ Ke3 65. Qc5+ Kf3 66. Qh5+ Rg4 67. Ke1 Rxd6 68. c5 Re6+ 69. Kd2 Kg3 70. Qh1
f3 71. Qg1+ Kh4 72. Qf2+ Rg3 73. Kd3 Kh3 74. Kd4 Re2 75. Qf1+ Kh2 76. Qc1 f2
77. c6 Re1 78. Qh6+ Kg2 79. c7 Rg8 80. Qf4 Ree8 0-1

[Event "XV Torneo Internacional de Ajedrez CIUD"]
[Site "Albacete -ESPAÑA"]
[Date "2007.09.03"]
[Round "3.10"]
[White "Morais, V."]
[Black "Saldano, H."]
[Result "0-1"]
[WhiteElo "2101"]
[BlackElo "2451"]
[PlyCount "52"]
[EventDate "2007.09.02"]

1. e4 e6 2. d3 c5 3. g3 d5 4. Nd2 Nf6 5. Bg2 Nc6 6. Ne2 Be7 7. O-O O-O 8. Nf4
Rb8 9. a4 a6 10. b3 b5 11. axb5 axb5 12. Bb2 d4 13. Re1 Bd6 14. Nf1 Qc7 15. Nh3
e5 16. f3 c4 17. Nf2 Nb4 18. Re2 Be6 19. Ba3 Rfc8 20. Bxb4 Bxb4 21. bxc4 bxc4
22. dxc4 Bxc4 23. Nd3 Bc3 24. Rb1 Rxb1 25. Qxb1 Ra8 26. Qc1 h6 0-1

[Event "XV Torneo Internacional de Ajedrez CIUD"]
[Site "Albacete -ESPAÑA"]
[Date "2007.09.03"]
[Round "3.11"]
[White "Suba, M."]
[Black "Pardo Simon, D."]
[Result "1-0"]
[WhiteElo "2525"]
[BlackElo "2080"]
[PlyCount "57"]
[EventDate "2007.09.02"]

1. c4 e5 2. Nc3 Nf6 3. Nf3 Nc6 4. e3 d5 5. cxd5 Nxd5 6. Bb5 Nxc3 7. bxc3 Bd6 8.
d4 exd4 9. cxd4 Bd7 10. O-O O-O 11. h3 a6 12. Bd3 Kh8 13. e4 f6 14. a3 Nxd4 15.
Nxd4 Be5 16. Nb3 Bxa1 17. Nxa1 Qe7 18. Nc2 c5 19. Ne3 Be6 20. Qh5 Bf7 21. Qh4
Rad8 22. Be2 Bg6 23. Bb2 Qf7 24. f4 h6 25. f5 Bh7 26. e5 fxe5 27. Bxe5 Rde8 28.
Nc4 b5 29. f6 1-0

[Event "XV Torneo Internacional de Ajedrez CIUD"]
[Site "Albacete -ESPAÑA"]
[Date "2007.09.03"]
[Round "3.12"]
[White "Pogorelov, R."]
[Black "Sanchez Sanchez, A."]
[Result "1-0"]
[WhiteElo "2453"]
[BlackElo "2056"]
[PlyCount "78"]
[EventDate "2007.09.02"]

1. Nf3 Nf6 2. c4 g6 3. Nc3 d5 4. cxd5 Nxd5 5. Qa4+ Bd7 6. Qe4 Nxc3 7. Qd4 f6 8.
Qxc3 Bg7 9. d4 Be6 10. h4 h6 11. e4 c6 12. Bc4 Qc8 13. Qb3 Bxc4 14. Qxc4 Qg4
15. O-O g5 16. Re1 gxh4 17. Nh2 Qd7 18. d5 b5 19. Qb3 c5 20. Qf3 h5 21. Be3 Na6
22. Rac1 Rc8 23. Bf4 c4 24. e5 Qf5 25. exf6 Bxf6 26. d6 Nc5 27. d7+ Qxd7 28.
Rcd1 Nd3 29. Qe4 Rg8 30. Re2 Nxf2 31. Rxd7 Nxe4 32. Rb7 Ng3 33. Re1 a6 34. Be5
Bxe5 35. Rxe5 Rg7 36. Nf3 Rd8 37. Re1 Nf5 38. Kh2 Kf7 39. Rb6 Ra8 {.....} 1-0

[Event "XV Torneo Internacional de Ajedrez CIUD"]
[Site "Albacete -ESPAÑA"]
[Date "2007.09.03"]
[Round "3.13"]
[White "Jimenez Moreno, G."]
[Black "Vitor, A."]
[Result "0-1"]
[WhiteElo "2014"]
[BlackElo "2373"]
[PlyCount "116"]
[EventDate "2007.09.02"]

1. e4 d5 2. exd5 Qxd5 3. d4 Nf6 4. Nf3 Bg4 5. Be2 Nc6 6. O-O O-O-O 7. c4 Qf5 8.
Be3 e6 9. Qa4 Qa5 10. Qxa5 Nxa5 11. Nbd2 Bb4 12. Nb3 Bxf3 13. gxf3 Nxb3 14.
axb3 a5 15. Rfd1 Rhg8 16. f4 Ne4 17. Bd3 g5 18. Kf1 gxf4 19. Bxe4 fxe3 20. fxe3
Rg4 21. Bf3 Rh4 22. h3 Rxh3 23. Kg2 Rh6 24. Rh1 Rg6+ 25. Kf2 h6 26. Rag1 Rdg8
27. Rxg6 Rxg6 28. Be4 f5 29. Bd3 Kd7 30. d5 Rf6 31. dxe6+ Kxe6 32. Rh5 b6 33.
Ke2 Bd6 34. e4 f4 35. Kf2 f3 36. Rf5 Be5 37. Rxf6+ Kxf6 38. Kxf3 Kg5 39. Bf1
Bxb2 40. Bh3 Be5 41. Bd7 Bd6 42. Ke3 Kf6 43. Kd4 h5 44. Bh3 h4 45. Bd7 Bg3 46.
Bh3 Bf4 47. e5+ Bxe5+ 48. Ke4 Bd6 49. Bd7 Ke7 50. Bc6 h3 51. Kf3 Be5 52. Kf2
Kd6 53. Be8 h2 54. Kg2 Kc5 55. Bh5 Kb4 56. Bd1 Kc3 57. Kh1 Kd2 58. Bf3 Kc2 0-1

[Event "XV Torneo Internacional de Ajedrez CIUD"]
[Site "Albacete -ESPAÑA"]
[Date "2007.09.03"]
[Round "3.14"]
[White "Granero Roca, A."]
[Black "Pardo Simon, L."]
[Result "1-0"]
[WhiteElo "2348"]
[BlackElo "1799"]
[PlyCount "39"]
[EventDate "2007.09.02"]

1. c4 Nf6 2. Nc3 e5 3. g3 c6 4. Bg2 b6 5. d4 exd4 6. Qxd4 Bb7 7. Bg5 Be7 8. Nf3
O-O 9. Rd1 h6 10. Bf4 Na6 11. O-O Nc5 12. Bd6 Ne6 13. Qd2 Re8 14. Nh4 Bxd6 15.
Qxd6 Qc7 16. Nf5 Rad8 17. Qxc7 Nxc7 18. Nd6 Bc8 19. Nxe8 Rxe8 20. Rd6 1-0

[Event "XV Torneo Internacional de Ajedrez CIUD"]
[Site "Albacete -ESPAÑA"]
[Date "2007.09.03"]
[Round "3.15"]
[White "Alcaraz Ortega, J."]
[Black "Picazo Lopez, J."]
[Result "0-1"]
[WhiteElo "2103"]
[BlackElo "2198"]
[PlyCount "94"]
[EventDate "2007.09.02"]

1. e4 d5 2. exd5 Nf6 3. Nf3 Nxd5 4. d4 g6 5. c3 Bg7 6. Bd3 O-O 7. O-O Nc6 8.
Nbd2 e5 9. Nb3 Bg4 10. Be2 e4 11. Ne5 Bxe2 12. Qxe2 Nxe5 13. dxe5 Bxe5 14. Qxe4
Re8 15. Qf3 c6 16. Bd2 a5 17. Rad1 a4 18. Nc5 Qc7 19. g3 f5 20. Nd3 Bg7 21. h4
Nf6 22. Bf4 Qf7 23. Nc1 Ne4 24. Rd3 h6 25. Rfd1 Re7 26. Be3 a3 27. bxa3 Nxc3
28. Rf1 Nd5 29. Bc5 Re4 30. Rfd1 Rae8 31. Nb3 Re1+ 32. Kg2 Rxd1 33. Rxd1 Nc3
34. Rd2 Ne4 35. Rc2 Rd8 36. a4 g5 37. hxg5 hxg5 38. g4 Rd5 39. gxf5 Nf6 40. a5
g4 41. Qg3 Qh5 42. Rc1 Qxf5 43. Qb8+ Kh7 44. Qxb7 Qf3+ 45. Kf1 Re5 46. Be3 Rxe3
47. Qxc6 Ne4 0-1

[Event "XV Torneo Internacional de Ajedrez CIUD"]
[Site "Albacete -ESPAÑA"]
[Date "2007.09.03"]
[Round "3.16"]
[White "Lopez Quevedo, E."]
[Black "Garcia Molina, F."]
[Result "1/2-1/2"]
[WhiteElo "2007"]
[BlackElo "2157"]
[PlyCount "146"]
[EventDate "2007.09.02"]

1. Nf3 e6 2. d4 f5 3. Bf4 Nf6 4. e3 Be7 5. c3 O-O 6. Bd3 b6 7. Nbd2 Bb7 8. h3
Ne4 9. Qc2 d5 10. h4 Nd7 11. g3 c5 12. Ne5 Nxe5 13. Bxe5 Bd6 14. Nf3 c4 15. Bf1
b5 16. Bg2 a5 17. O-O h6 18. Bxd6 Qxd6 19. Ne5 Rfb8 20. Kh2 Nf6 21. f4 Bc6 22.
Bf3 h5 23. Rfb1 Be8 24. Kg2 Ra6 25. Kf2 Rab6 26. Kg2 Kf8 27. Kf2 Ke7 28. Kg2
R8b7 29. Kf1 b4 30. b3 Rc7 31. bxc4 dxc4 32. a3 Nd5 33. Bxd5 Qxd5 34. Qg2 Qd6
35. axb4 axb4 36. cxb4 Rxb4 37. Rc1 c3 38. Nd3 Bb5 39. Qe2 Qd5 40. Kg1 Qc4 41.
Qxh5 Qxd3 42. Qg5+ Kf7 43. Qh5+ Ke7 44. Qg5+ Kd7 45. Qxg7+ Kc6 46. Qe5 Rb2 47.
d5+ Kb7 48. Ra7+ Kxa7 49. Qxc7+ Ka6 50. Qd6+ Ka7 51. Qe7+ Kb6 52. Qd6+ Kb7 53.
Qe7+ Kc8 54. Qc5+ Kd7 55. dxe6+ Kxe6 56. Qe5+ Kf7 57. Qc7+ Bd7 58. Qxc3 Qxc3
59. Rxc3 Kg6 60. Rd3 Bb5 61. Rd5 Bc4 62. Rc5 Bd3 63. g4 fxg4 64. Rg5+ Kf6 65.
Rxg4 Kf5 66. Rg2 Rb6 67. Rg3 Rh6 68. Kg2 Rxh4 69. Rg5+ Kf6 70. Kg3 Rh6 71. Rd5
Be4 72. Rd6+ Kg7 73. Rxh6 Kxh6 1/2-1/2

[Event "XV Torneo Internacional de Ajedrez CIUD"]
[Site "Albacete -ESPAÑA"]
[Date "2007.09.03"]
[Round "3.17"]
[White "Arce Tallada, I."]
[Black "Garcia Moreno, C."]
[Result "0-1"]
[WhiteElo "1993"]
[BlackElo "2118"]
[PlyCount "94"]
[EventDate "2007.09.02"]

1. e4 e5 2. Nc3 Nf6 3. f4 d5 4. fxe5 Nxe4 5. Nf3 Be7 6. Qe2 Nxc3 7. dxc3 c5 8.
Bf4 Nc6 9. O-O-O Be6 10. c4 d4 11. h3 h6 12. Kb1 a5 13. g4 a4 14. c3 Qb6 15.
cxd4 cxd4 16. Qe4 Rd8 17. Rh2 Bc5 18. Rc2 Kd7 19. Ka1 Kc8 20. Rcc1 Rd7 21. Ne1
Nb4 22. Bd2 Re8 23. Bxb4 Qxb4 24. Nd3 Qa5 25. Bg2 Ree7 26. Qh7 g6 27. Qh8+ Rd8
28. Qxh6 Rc7 29. Qd2 Qxd2 30. Rxd2 Be7 31. Re1 Bxc4 32. Kb1 Bg5 33. Rdd1 Re8
34. Nc1 Be3 35. b3 Bb5 36. Bf1 Bc6 37. Nd3 Be4 38. Kb2 Re6 39. bxa4 Rb6+ 40.
Ka1 Rc2 41. Rb1 Rxb1+ 42. Kxb1 Rd2 43. Rc1+ Kd8 44. Ka1 Bxd3 45. h4 Bc2 46. Kb2
Bxa4+ 47. Ka3 Rxa2+ 0-1

[Event "XV Torneo Internacional de Ajedrez CIUD"]
[Site "Albacete -ESPAÑA"]
[Date "2007.09.03"]
[Round "3.19"]
[White "Ares Campo, I."]
[Black "Fernandez Barrera, V."]
[Result "0-1"]
[WhiteElo "1940"]
[BlackElo "2204"]
[PlyCount "82"]
[EventDate "2007.09.02"]

1. e4 e6 2. b3 d5 3. Bb2 Nf6 4. exd5 exd5 5. Nf3 Bd6 6. Qe2+ Be6 7. Ng5 Qe7 8.
Nxe6 fxe6 9. d4 O-O 10. Nd2 a5 11. g3 Nc6 12. Bg2 Rfe8 13. f4 Ba3 14. Bc3 a4
15. O-O Bb4 16. Qd3 Bxc3 17. Qxc3 Qb4 18. Qxb4 Nxb4 19. Rfc1 axb3 20. cxb3 Nc6
21. Nf3 Ne4 22. Ne5 Nxd4 23. Rxc7 Nd6 24. Rd7 Red8 25. Rxd8+ Rxd8 26. Rd1 Ne2+
27. Kf1 Nc3 28. Rc1 Nxa2 29. Rc7 b5 30. Re7 Nf5 31. Rxe6 Ne3+ 32. Kf2 Nxg2 33.
Kxg2 Nc1 34. Nc6 Ra8 35. Nd4 Ra2+ 36. Kf3 Rd2 37. Nxb5 Nxb3 38. Rd6 h5 39. Nc7
d4 40. Ne6 Rxh2 41. Nxd4 Nd2+ 0-1

[Event "XV Torneo Internacional de Ajedrez CIUD"]
[Site "Albacete -ESPAÑA"]
[Date "2007.09.03"]
[Round "3.20"]
[White "Llavador Moron, J."]
[Black "Arraiz Perez, D."]
[Result "0-1"]
[WhiteElo "2194"]
[BlackElo "1964"]
[PlyCount "116"]
[EventDate "2007.09.02"]

1. d4 d5 2. c4 e6 3. Nc3 c6 4. cxd5 exd5 5. Nf3 Nf6 6. Bg5 Be7 7. Qc2 g6 8. e3
Bf5 9. Bd3 Bxd3 10. Qxd3 Nbd7 11. O-O O-O 12. Rab1 a5 13. a3 Re8 14. b4 axb4
15. axb4 b5 16. Rfc1 Nb6 17. Ne5 Rc8 18. Qd1 Nfd7 19. Bxe7 Qxe7 20. Nd3 Nc4 21.
Nc5 Nf6 22. Qe2 h5 23. h3 g5 24. g3 g4 25. h4 Qc7 26. Kh2 Re7 27. Qd3 Rce8 28.
Qf5 Qd6 29. Rd1 Kh8 30. Ra1 Nxe3 31. fxe3 Rxe3 32. Rg1 Rxc3 33. Raf1 Re2+ 34.
Rf2 Rxf2+ 35. Qxf2 Rf3 36. Qc2 Qe7 37. Rg2 Qe3 38. Qa2 Rf1 39. Qd2 Qxd2 40.
Rxd2 Rb1 41. Nd3 Rb3 42. Ne5 Ne4 43. Rd3 Rb2+ 44. Kg1 Rxb4 45. Nxc6 Rc4 46. Ne5
Rc1+ 47. Kg2 Rc2+ 48. Kg1 Kg7 49. Rb3 Rc1+ 50. Kg2 Nc3 51. Nd3 Rc2+ 52. Kf1 Ne4
53. Rxb5 Nxg3+ 54. Ke1 Ne4 55. Nf4 Rc1+ 56. Ke2 Nc3+ 57. Kd2 Nxb5 58. Kxc1 Kh6
0-1

[Event "XV Torneo Internacional de Ajedrez CIUD"]
[Site "Albacete -ESPAÑA"]
[Date "2007.09.04"]
[Round "4.1"]
[White "Burmakin, V."]
[Black "Castellanos Rodriguez, R."]
[Result "1-0"]
[WhiteElo "2581"]
[BlackElo "2471"]
[PlyCount "47"]
[EventDate "2007.09.02"]

1. d4 Nf6 2. Nf3 g6 3. c4 Bg7 4. g3 O-O 5. Bg2 d6 6. O-O Nbd7 7. Nc3 e5 8. h3
exd4 9. Nxd4 Re8 10. b3 a6 11. Bb2 Rb8 12. Re1 Ne5 13. Qd2 c5 14. Nc2 b5 15.
cxb5 axb5 16. f4 Ned7 17. Qxd6 Rb6 18. Qd2 b4 19. Na4 Rbe6 20. a3 Ne4 21. Bxe4
Rxe4 22. Bxg7 Kxg7 23. axb4 cxb4 24. Rad1 {....} 1-0

[Event "XV Torneo Internacional de Ajedrez CIUD"]
[Site "Albacete -ESPAÑA"]
[Date "2007.09.04"]
[Round "4.2"]
[White "Babaev, R."]
[Black "Hernandez Carmenates, H."]
[Result "1/2-1/2"]
[WhiteElo "2488"]
[BlackElo "2544"]
[PlyCount "75"]
[EventDate "2007.09.02"]

1. e4 c5 2. Nf3 d6 3. d4 cxd4 4. Nxd4 Nf6 5. Nc3 a6 6. Be2 e6 7. a4 Be7 8. O-O
O-O 9. Kh1 Qc7 10. f4 b6 11. Bf3 Bb7 12. Qe2 Nc6 13. Be3 Nd7 14. Nxc6 Bxc6 15.
Bd4 Qb7 16. Nd5 Rfe8 17. Nb4 e5 18. Bg1 b5 19. axb5 axb5 20. Rad1 Ra4 21. c3
Nf6 22. Rfe1 Bf8 23. f5 h6 24. Bf2 Rc8 25. g4 Rxb4 26. cxb4 d5 27. exd5 Nxd5
28. Rc1 Nf4 29. Bxc6 Nxe2 30. Bxb7 Rxc1 31. Rxc1 Nxc1 32. Bc6 Nd3 33. Bg3 Bxb4
34. Bxb5 e4 35. b3 Nc1 36. Bf4 Nxb3 37. Bc6 Bd2 38. Bd5 1/2-1/2